Visualizzazione normale
Vista MARC
- Anelli F.
di Personal Name
Records bibliografici associati: 1
001 - CONTROL NUMBER
- control field: 56571
003 - CONTROL NUMBER IDENTIFIER
- control field: IT-RoPau
005 - DATE AND TIME OF LATEST TRANSACTION
- control field: 20170908164734.0
008 - FIXED-LENGTH DATA ELEMENTS
- fixed length control field: 170908|| aca||aabn | a|a d
040 ## - CATALOGING SOURCE
- Original cataloging agency: IT-RoPau
- Transcribing agency: IT-RoPau
100 ## - HEADING--PERSONAL NAME
- Personal name: Anelli F.
670 ## - SOURCE DATA FOUND
- Source citation: Work cat.: (IT-RoPau): Carrozzino Michela, Ruffinato Piera (a cura di) 56570, Uguaglianze difficili e mondi della disabilità, 2017